Non Red or Blue Baseball Teams - Statistics

General Stats
  • This quiz has been taken 493 times
  • The average score is 5 of 6
Answer Stats
Hint Answer % Correct
A's
84%
Orioles
79%
White Sox
79%
Giants
77%
Pirates
76%
Rockies
65%
No matching quizzes found
Score Distribution
Percent of People with Each Score
Percentile by Number Answered
Your Score History
You have not taken this quiz